Datum a čas kvízu
27.5
Celkem bodů
Celkový počet nahraných bodů na tomto kvízu bez doplňovacích otázek.
8.
Pořadí na kvízu
Konečné umístění týmu na tomto kvízu.
Zaznamenané odpovědi
| # | Otázka | Odpověď | Body | Výsledky |
|---|---|---|---|---|
| 1. | Loni si do nařízení Evropské u... | mandlovice | 1 | |
| 2. | Kvůli textu o 30. výročí násil... | CNN | 1 | |
| 3. | Minulý týden se vrátil do kin... | Hana Brejchová | 0 | |
| 4. | V pondělí skončil po osmnácti... | iTunes | 1 | |
| 5. | Minulý týden jsme se dozvěděli... | HC Verva Litvínov, HC Sparta Praha | 0.5 | |
| 6. | Na každé písmeno abecedy exist... | geologie | 1 | |
| 5. | Nyní se zeptáme na název oboru... | genologie | 0 | |
| 8. | Uveďte název nauky o určování... | geochronologie | 0 | |
| 5. | Jak se nazývá nauka o vztahu k... | gastronomie | 1 | |
| 5. | Jaký je název lékařského oboru... | geriatrie | 1 |